Loading...
| Literature - American Literature | 0 | 5 | 1 | 1 | 45 | 68 | 120.80 | 0 | 2 |
| Fine Arts - Other Fine Arts | 0 | 3 | 0 | 1 | 30 | 121 | 135.33 | 0 | 0 |
| History - World History | 0 | 2 | 0 | 1 | 20 | 144 | 147.50 | 0 | 0 |
| Literature - British Literature | 0 | 2 | 0 | 2 | 20 | 152 | 153.50 | 0 | 0 |
| Literature - World Literature | 0 | 2 | 0 | 0 | 20 | 148 | 159.00 | 0 | 0 |
| Fine Arts - Painting & Sculpture | 0 | 2 | 0 | 0 | 20 | 121 | 130.00 | 0 | 0 |
| History - American History | 0 | 2 | 1 | 0 | 15 | 38 | 76.50 | 1 | 1 |
| Social Science | 0 | 1 | 0 | 1 | 10 | 133 | 133.00 | 0 | 0 |
| Literature - European Literature | 0 | 1 | 0 | 1 | 10 | 160 | 160.00 | 0 | 0 |
| Other Academic | 0 | 1 | 0 | 0 | 10 | 131 | 131.00 | 0 | 0 |
| Science - Biology | 0 | 1 | 0 | 0 | 10 | 117 | 117.00 | 0 | 0 |
| Science - Other Science | 0 | 1 | 0 | 0 | 10 | 82 | 82.00 | 0 | 0 |
| Current Events | 0 | 1 | 0 | 0 | 10 | 125 | 125.00 | 0 | 0 |
| Geography | 0 | 1 | 1 | 1 | 5 | 144 | 144.00 | 0 | 0 |
| Philosophy | 0 | 0 | 0 | 0 | 0 | 0.00 | 0 | 0 | |
| History - Other History | 0 | 0 | 1 | 0 | -5 | 0.00 | 0 | 0 | |
| History - European History | 0 | 0 | 1 | 0 | -5 | 0.00 | 0 | 0 | |
| Mythology | 0 | 0 | 1 | 0 | -5 | 0.00 | 0 | 0 | |
| Religion | 0 | 0 | 2 | 0 | -10 | 0.00 | 0 | 0 |